| 000 | 00946nam a2200205Ia 4500 | ||
|---|---|---|---|
| 003 | OSt | ||
| 005 | 20241011110501.0 | ||
| 007 | ca aa aaaaa | ||
| 008 | 201103s9999 xx 000 0 und d | ||
| 040 | _cSSBUL | ||
| 041 | _abur | ||
| 082 |
_223 _a၂၉၄.၃၄၃၅ မိုး _b၉၂၅၄ S-SAT |
||
| 100 | 0 |
_aမိုး (ကျောက်ဆည်) _912398 |
|
| 245 | 1 | 0 |
_aသမိုင်းဝင် ရှင်ပင်ရွှေဆပ်သွားဘုရားကြီး / _cမိုး(ကျောက်ဆည်)။ |
| 260 |
_a[နေရာမပါ] ၊ _b[ထုတ်ဝေသူမပါ]၊ _c၂၀၁၁။ |
||
| 300 |
_aည၊ ၇၉စာမျက်နှာ ၊ _bဓာတ်ပုံများ၊ _c၁၉ စင်တီ။ |
||
| 500 | _aS-SAT: Dr. Sai Aung Tun | ||
| 650 |
_aရှင်ပင်ရွှေဆပ်သွားဘုရား _vသမိုင်း _955030 |
||
| 942 |
_2ddc _cBK1 |
||
| 999 |
_c16695 _d16695 |
||